Country Flag Wall Quiz #1 - Statistics

General Stats
  • This quiz has been taken 27 times
  • The average score is 15 of 16
Answer Stats
Picture Answer % Correct
Brazil
100%
Canada
100%
Portugal
100%
South Africa
100%
Ukraine
100%
Uruguay
100%
Bangladesh
93%
Croatia
93%
Cuba
93%
Panama
93%
Brunei
87%
Colombia
87%
Papua New Guinea
87%
Togo
87%
Gambia
80%
São Tomé and Príncipe
73%
No matching quizzes found
Score Distribution
Percent of People with Each Score
Percentile by Number Answered
Your Score History
You have not taken this quiz